[Event "Montreal op"]
[Site "Montreal"]
[Date "2019.09.07"]
[Round "3"]
[White "Yu, Zong Yang"]
[Black "Rodrigue Lemieux, Shawn"]
[Result "0-1"]
[WhiteElo "2394"]
[BlackElo "2242"]
[PlyCount "64"]
[EventDate "2019.09.06"]
[EventType "swiss"]
[EventRounds "5"]
[EventCountry "CAN"]
[SourceTitle "EXT 2020"]
[Source "ChessBase"]
[SourceDate "2019.10.17"]
[SourceVersion "1"]
[SourceVersionDate "2019.10.17"]
[SourceQuality "1"]

1. d4 Nf6 2. c4 e6 3. Nf3 d5 4. g3 Be7 5. Bg2 0-0 6. b3 a5 7. 0-0 a4 8. Bb2 b6 9. Nbd2 Bb7 10. Qc2 Nbd7 11. Ne5 c5 12. dxc5 bxc5 13. cxd5 exd5 14. Ndc4 axb3 15. axb3 Rxa1 16. Bxa1 dxc4 17. Bxb7 Nxe5 18. Bxe5 Qb6 19. Bxf6 cxb3 20. Qc4 Bxf6 21. Bd5 b2 22. Rb1 g6 23. h4 Qd6 24. e3 Rd8 25. Bxf7+ Kg7 26. Qa2 Qd1+ 27. Rxd1 Rxd1+ 28. Kh2 b1Q 29. Qa7 Rh1+ 30. Kg2 Qe4+ 31. f3 Ra1 32. Ba2+ Qe7 0-1

[Event "Montreal Summer IM"]
[Site "Montreal"]
[Date "2019.08.03"]
[Round "7"]
[White "Yu, Zong Yang"]
[Black "Ragnarsson, Dagur"]
[Result "1-0"]
[WhiteElo "2396"]
[BlackElo "2391"]
[PlyCount "39"]
[EventDate "2019.07.31"]
[EventType "tourn"]
[EventRounds "9"]
[EventCountry "CAN"]
[EventCategory "3"]
[SourceTitle "CBM 191 Extra"]
[Source "ChessBase"]
[SourceDate "2019.09.30"]
[SourceVersion "1"]
[SourceVersionDate "2019.09.30"]
[SourceQuality "1"]

1. d4 Nf6 2. Nf3 g6 3. c4 Bg7 4. Nc3 d5 5. Bg5 dxc4 6. e4 c5 7. d5 b5 8. d6 Bb7 9. e5 Ne4 10. Nxe4 Bxe4 11. a4 Nd7 12. axb5 f6 13. exf6 Nxf6 14. Bxc4 Qxd6 15. Qe2 0-0-0 16. 0-0 Bb7 17. Rxa7 Rhf8 18. Rfa1 Nd5 19. b6 Rd7 20. Ra8+ 1-0

[Event "Montreal Summer IM"]
[Site "Montreal"]
[Date "2019.08.01"]
[Round "3"]
[White "Yu, Zong Yang"]
[Black "Chiku Ratte, Olivier Kenta"]
[Result "1-0"]
[WhiteElo "2396"]
[BlackElo "2364"]
[PlyCount "117"]
[EventDate "2019.07.31"]
[EventType "tourn"]
[EventRounds "9"]
[EventCountry "CAN"]
[EventCategory "3"]
[SourceTitle "CBM 191 Extra"]
[Source "ChessBase"]
[SourceDate "2019.09.30"]
[SourceVersion "1"]
[SourceVersionDate "2019.09.30"]
[SourceQuality "1"]

1. d4 Nf6 2. c4 g6 3. Nc3 Bg7 4. e4 d6 5. Nf3 0-0 6. Be3 Na6 7. h3 c6 8. Bd3 e5 9. d5 Nh5 10. 0-0 Nf4 11. Bc2 Qf6 12. Kh1 Nb4 13. Bb1 c5 14. a3 Na6 15. Bc2 h5 16. Ng1 h4 17. Kh2 Qe7 18. Qd2 Kh7 19. g3 Nh5 20. Bd1 hxg3+ 21. fxg3 Nf6 22. Bg5 Nc7 23. Ba4 a6 24. Rf2 b5 25. Bc2 Rb8 26. Raf1 Nce8 27. b3 Rh8 28. Kg2 Kg8 29. h4 Bg4 30. Nd1 Bxd1 31. Qxd1 Qb7 32. Nh3 Nh7 33. Rxf7 Qxf7 34. Rxf7 Kxf7 35. Qg4 Nf8 36. Qf3+ Nf6 37. Nf2 N8h7 38. Bc1 bxc4 39. bxc4 Rhc8 40. g4 Kg8 41. Qh3 Nf8 42. h5 gxh5 43. gxh5 Rc7 44. h6 Bh8 45. Bd1 Rf7 46. Qg3+ Kh7 47. Nh3 Rfb7 48. Bg4 Nxg4 49. Qxg4 Rb1 50. Ng5+ Kg8 51. h7+ Kg7 52. Nf7+ Kxf7 53. Qg8+ Ke8 54. Qxh8 Rxc1 55. Qxf8+ Kxf8 56. h8Q+ Ke7 57. Qxb8 Rxc4 58. Qc7+ Ke8 59. Qxd6 1-0

[Event "Montreal Winter IM"]
[Site "Montreal"]
[Date "2019.01.06"]
[Round "9"]
[White "Hebert, Jean"]
[Black "Yu, Zong Yang"]
[Result "1/2-1/2"]
[WhiteElo "2369"]
[BlackElo "2377"]
[PlyCount "28"]
[EventDate "2019.01.02"]
[EventType "tourn"]
[EventRounds "9"]
[EventCountry "CAN"]
[EventCategory "3"]
[SourceTitle "CBM 188 Extra"]
[Source "ChessBase"]
[SourceDate "2019.02.26"]
[SourceVersion "1"]
[SourceVersionDate "2019.02.26"]
[SourceQuality "1"]

1. Nf3 Nf6 2. d4 e6 3. c4 b6 4. a3 Ba6 5. Qc2 Bb7 6. Nc3 c5 7. dxc5 bxc5 8. Bg5 Be7 9. e3 0-0 10. Be2 d6 11. 0-0 a6 12. Rfd1 Qc7 13. h3 h6 14. Bf4 Nc6 1/2-1/2

[Event "Montreal Winter IM"]
[Site "Montreal"]
[Date "2019.01.04"]
[Round "4"]
[White "Yu, Zong Yang"]
[Black "Ragnarsson, Dagur"]
[Result "0-1"]
[WhiteElo "2377"]
[BlackElo "2327"]
[PlyCount "92"]
[EventDate "2019.01.02"]
[EventType "tourn"]
[EventRounds "9"]
[EventCountry "CAN"]
[EventCategory "3"]
[SourceTitle "CBM 188 Extra"]
[Source "ChessBase"]
[SourceDate "2019.02.26"]
[SourceVersion "1"]
[SourceVersionDate "2019.02.26"]
[SourceQuality "1"]

1. Nf3 d5 2. c4 d4 3. b4 f6 4. Na3 e5 5. Nc2 a5 6. b5 c5 7. bxc6 Nxc6 8. d3 Bc5 9. g3 Bg4 10. Bg2 Qd7 11. 0-0 Nge7 12. Nd2 Bh3 13. Ne4 b6 14. Bxh3 Qxh3 15. Ba3 Nb4 16. Bxb4 axb4 17. a3 bxa3 18. Nxa3 0-0 19. Nc2 f5 20. Nxc5 bxc5 21. Qd2 Rac8 22. Ra7 Nc6 23. Rb7 f4 24. Qe1 e4 25. f3 e3 26. gxf4 Rf6 27. f5 Rxf5 28. Qg3 Qh6 29. f4 Nd8 30. Qg4 Qf6 31. Rb6 Ne6 32. Ne1 h5 33. Qg2 Qf7 34. Rb7 Qf6 35. Rb6 Rxf4 36. Rxf4 Nxf4 37. Rxf6 Nxg2 38. Rf1 Nxe1 39. Rxe1 Rf8 40. Ra1 Rf2 41. Ra5 Rxe2 42. Rxc5 Rd2 43. Kf1 Rxd3 44. Rd5 Rd1+ 45. Ke2 Rd2+ 46. Kf3 e2 0-1

[Event "Montreal Winter IM"]
[Site "Montreal"]
[Date "2019.01.03"]
[Round "2"]
[White "Yu, Zong Yang"]
[Black "Duong, Thanh Nha"]
[Result "1/2-1/2"]
[WhiteElo "2377"]
[BlackElo "2238"]
[PlyCount "90"]
[EventDate "2019.01.02"]
[EventType "tourn"]
[EventRounds "9"]
[EventCountry "CAN"]
[EventCategory "3"]
[SourceTitle "CBM 188 Extra"]
[Source "ChessBase"]
[SourceDate "2019.02.26"]
[SourceVersion "1"]
[SourceVersionDate "2019.02.26"]
[SourceQuality "1"]

1. Nf3 Nf6 2. c4 e6 3. g3 d5 4. Bg2 Nc6 5. 0-0 Bd6 6. d4 dxc4 7. Nbd2 0-0 8. Nxc4 Bd7 9. Bg5 h6 10. Bxf6 Qxf6 11. Qb3 Rab8 12. Rfd1 Rfd8 13. Rac1 b5 14. Nxd6 cxd6 15. e3 Rdc8 16. Nd2 Qe7 17. Ne4 a5 18. Qd3 Nb4 19. Qa3 f5 20. Nd2 Bc6 21. Bxc6 Nxc6 22. Qd3 Qb7 23. a3 Ne7 24. Nb3 a4 25. Nd2 Qd5 26. Qb1 Rxc1 27. Rxc1 Rc8 28. Rxc8+ Nxc8 29. Qc2 Ne7 30. b3 axb3 31. Qxb3 Kf7 32. Qc3 g5 33. h3 h5 34. Qd3 Nc6 35. Qe2 g4 36. Qd3 Ne5 37. Qe2 Nf3+ 38. Nxf3 gxf3 39. Qd1 e5 40. Qc2 e4 41. Qc7+ Ke6 42. Qg7 Qc4 43. Qg6+ Ke7 44. Qxf5 Qc1+ 45. Kh2 Qc4 1/2-1/2

[Event "Montreal Noel op"]
[Site "Montreal"]
[Date "2018.12.29"]
[Round "4"]
[White "Chiku Ratte, Olivier Kenta"]
[Black "Yu, Zong Yang"]
[Result "0-1"]
[WhiteElo "2366"]
[BlackElo "2377"]
[PlyCount "98"]
[EventDate "2018.12.26"]
[EventType "swiss"]
[EventRounds "5"]
[EventCountry "CAN"]
[SourceTitle "CBM 188 Extra"]
[Source "ChessBase"]
[SourceDate "2019.02.26"]
[SourceVersion "1"]
[SourceVersionDate "2019.02.26"]
[SourceQuality "1"]

1. c4 Nf6 2. Nc3 e6 3. e4 e5 4. Nge2 Bc5 5. Ng3 d6 6. Be2 Nc6 7. 0-0 h5 8. Nf5 Bxf5 9. exf5 Qd7 10. Bd3 Nd4 11. Ne4 Nxe4 12. Bxe4 c6 13. f6 gxf6 14. d3 f5 15. Bf3 Nxf3+ 16. Qxf3 f4 17. h3 0-0-0 18. Kh2 Rdg8 19. Bd2 Bd4 20. Bc3 Bxc3 21. bxc3 Qg4 22. Rg1 Rg6 23. Rae1 Qxf3 24. gxf3 Rhg8 25. Rxg6 Rxg6 26. a4 a5 27. h4 f6 28. d4 Rg7 29. Rh1 Kc7 30. Kh3 Rg8 31. Kh2 Rg7 32. Kh3 b6 33. Kh2 d5 34. c5 bxc5 35. dxc5 Rd7 36. Rd1 Kd8 37. Rg1 d4 38. c4 d3 39. Rd1 f5 40. Kg2 e4 41. fxe4 fxe4 42. Kf1 Ke7 43. Ke1 e3 44. fxe3 fxe3 45. Rb1 Kf6 46. Rd1 Ke5 47. Rb1 Ke4 48. Rd1 Kf3 49. Rb1 d2+ 0-1

[Event "Montreal Noel op"]
[Site "Montreal"]
[Date "2018.12.28"]
[Round "3"]
[White "Yu, Zong Yang"]
[Black "Ouellet, Maili Jade"]
[Result "1/2-1/2"]
[WhiteElo "2377"]
[BlackElo "2086"]
[PlyCount "62"]
[EventDate "2018.12.26"]
[EventType "swiss"]
[EventRounds "5"]
[EventCountry "CAN"]
[SourceTitle "CBM 188 Extra"]
[Source "ChessBase"]
[SourceDate "2019.02.26"]
[SourceVersion "1"]
[SourceVersionDate "2019.02.26"]
[SourceQuality "1"]

1. d4 d5 2. Nf3 Nf6 3. c4 e6 4. g3 Be7 5. Bg2 0-0 6. Qc2 c5 7. 0-0 cxd4 8. Nxd4 Nc6 9. Nxc6 bxc6 10. Rd1 Qb6 11. Be3 Bc5 12. Bxc5 Qxc5 13. Nd2 Ba6 14. Rac1 Rac8 15. a3 Ng4 16. e3 Ne5 17. Qc3 f6 18. Bh3 Qe7 19. b3 dxc4 20. f4 Nd3 21. Rb1 cxb3 22. Nc4 Bxc4 23. Qxc4 Nc5 24. Rdc1 Rcd8 25. Bf1 Nd7 26. Qxc6 Nb6 27. Qe4 f5 28. Qb4 Qxb4 29. axb4 Rc8 30. Rxc8 Rxc8 31. Rxb3 Nd5 1/2-1/2

[Event "Montreal Summer IM"]
[Site "Montreal"]
[Date "2018.08.02"]
[Round "7"]
[White "Yu, Zong Yang"]
[Black "Ragnarsson, Dagur"]
[Result "0-1"]
[WhiteElo "2389"]
[BlackElo "2247"]
[PlyCount "108"]
[EventDate "2018.07.30"]
[EventType "tourn"]
[EventRounds "9"]
[EventCountry "CAN"]
[EventCategory "4"]
[SourceTitle "CBM 185 Extra"]
[Source "ChessBase"]
[SourceDate "2018.07.29"]
[SourceVersion "1"]
[SourceVersionDate "2018.07.29"]
[SourceQuality "1"]

1. Nf3 Nf6 2. c4 g6 3. Nc3 d5 4. cxd5 Nxd5 5. e4 Nxc3 6. dxc3 Qxd1+ 7. Kxd1 Bg7 8. Bf4 c6 9. Bc4 Nd7 10. Kc2 Nc5 11. Nd2 b5 12. Be2 0-0 13. Be3 Na4 14. Nb3 f5 15. f3 fxe4 16. fxe4 Be5 17. Na5 Bd7 18. Rad1 Be8 19. Bf3 Rc8 20. Bg4 Rc7 21. Rhf1 Bf7 22. Bh6 Rb8 23. Rd3 Bg7 24. Bxg7 Kxg7 25. Rd7 Rbc8 26. Rd2 Rf8 27. Rdf2 Nc5 28. e5 h5 29. Bh3 g5 30. Bf5 e6 31. b4 exf5 32. bxc5 Re8 33. Re1 f4 34. g3 fxg3 35. hxg3 Bxa2 36. Rf5 Bf7 37. Kb2 Be6 38. Rf6 Bd5 39. Rf5 Be6 40. Rf6 Bd5 41. Rf5 Rf7 42. Rxf7+ Kxf7 43. Rf1+ Ke6 44. Rf6+ Kxe5 45. Rh6 Kf5 46. Rxh5 Kg4 47. Rh6 Kxg3 48. Nxc6 Bxc6 49. Rxc6 g4 50. Kb3 Re4 51. Ra6 Rc4 52. Rxa7 Rxc5 53. Ra3 Kh2 54. Kb4 Rg5 0-1

[Event "Montreal Summer IM"]
[Site "Montreal"]
[Date "2018.08.01"]
[Round "4"]
[White "Rodrigue Lemieux, Shawn"]
[Black "Yu, Zong Yang"]
[Result "1/2-1/2"]
[WhiteElo "2267"]
[BlackElo "2389"]
[PlyCount "54"]
[EventDate "2018.07.30"]
[EventType "tourn"]
[EventRounds "9"]
[EventCountry "CAN"]
[EventCategory "4"]
[SourceTitle "CBM 185 Extra"]
[Source "ChessBase"]
[SourceDate "2018.07.29"]
[SourceVersion "1"]
[SourceVersionDate "2018.07.29"]
[SourceQuality "1"]

1. Nf3 Nf6 2. g3 d5 3. Bg2 c6 4. 0-0 Bg4 5. d3 Nbd7 6. c4 e6 7. b3 Bd6 8. Bb2 0-0 9. Nc3 Qe7 10. Rc1 a6 11. h3 Bh5 12. Rc2 Rfd8 13. Qa1 Bxf3 14. Bxf3 Ne5 15. Bg2 Ng6 16. cxd5 cxd5 17. e4 Ba3 18. exd5 exd5 19. Ne2 Bxb2 20. Qxb2 h5 21. h4 Rac8 22. Nd4 Qb4 23. Nf5 Rxc2 24. Qxc2 Qb6 25. Re1 Qa5 26. Re2 Kh7 27. d4 Kg8 1/2-1/2

[Event "Montreal Vendredi 05"]
[Site "Montreal"]
[Date "2018.05.11"]
[Round "1"]
[White "Yu, Zong Yang"]
[Black "Cardona, Misael"]
[Result "1-0"]
[WhiteElo "2465"]
[BlackElo "2196"]
[PlyCount "93"]
[EventDate "2018.05.11"]
[EventType "tourn"]
[EventRounds "3"]
[EventCountry "CAN"]
[SourceTitle "EXT 2022"]
[Source "ChessBase"]
[SourceDate "2021.10.06"]
[SourceVersion "1"]
[SourceVersionDate "2021.10.06"]
[SourceQuality "1"]

1. d4 d6 2. g3 f5 3. Bg2 g6 4. Nh3 Nf6 5. d5 Na6 6. Nf4 e5 7. dxe6 c6 8. c4 Nc5 9. Nc3 Nxe6 10. h4 Bg7 11. h5 gxh5 12. Nxh5 Nxh5 13. Rxh5 0-0 14. Bd2 a5 15. Qc2 a4 16. Kf1 a3 17. b3 Qf6 18. Rb1 Bd7 19. e3 Be8 20. Rh1 Bg6 21. f4 Rae8 22. Kf2 Rf7 23. b4 Rfe7 24. Rhe1 Nd4 25. Qd3 Ne6 26. Bf3 Qf7 27. Rbd1 Rd8 28. Ne2 Nc7 29. Bc3 d5 30. Bxg7 Qxg7 31. cxd5 Nxd5 32. Qxa3 Rde8 33. Bxd5+ cxd5 34. Nd4 Qf6 35. Nf3 Bh5 36. Qb3 Bf7 37. Ne5 Rxe5 38. fxe5 Rxe5 39. Rd4 Re8 40. Qd3 Ra8 41. Re2 Qe5 42. Rf4 Bg6 43. Rd2 Rd8 44. a4 Qa1 45. b5 d4 46. Rxd4 Rf8 47. Rd8 1-0

[Event "Quebec-ch U20 inv"]
[Site "Montreal"]
[Date "2018.04.22"]
[Round "4"]
[White "Chiku Ratte, Olivier Kenta"]
[Black "Yu, Zong Yang"]
[Result "1-0"]
[WhiteElo "2394"]
[BlackElo "2522"]
[PlyCount "69"]
[EventDate "2018.04.20"]
[EventType "tourn"]
[EventRounds "5"]
[EventCountry "CAN"]
[SourceTitle "EXT 2022"]
[Source "ChessBase"]
[SourceDate "2021.10.06"]
[SourceVersion "1"]
[SourceVersionDate "2021.10.06"]
[SourceQuality "1"]

1. d4 Nf6 2. c4 e6 3. Nc3 Bb4 4. f3 0-0 5. a3 Bxc3+ 6. bxc3 Ne8 7. e4 b6 8. Nh3 Ba6 9. Bd3 Nc6 10. 0-0 Na5 11. Qe2 c5 12. e5 f6 13. Ra2 Rc8 14. Rc2 Qe7 15. f4 f5 16. Ng5 h6 17. Nf3 d5 18. exd6 Nxd6 19. Ne5 Rfe8 20. h3 Bb7 21. Kh2 Ne4 22. g4 Nc6 23. Nf3 Nd8 24. g5 Nf7 25. gxh6 gxh6 26. Ne5 Kh7 27. Qh5 Nh8 28. d5 Nd6 29. Rg1 Rg8 30. Rcg2 Rxg2+ 31. Rxg2 b5 32. Nf3 Rg8 33. Ng5+ Rxg5 34. fxg5 Qg7 35. Bf4 1-0

[Event "Quebec-ch U20 inv"]
[Site "Montreal"]
[Date "2018.04.22"]
[Round "5"]
[White "Yu, Zong Yang"]
[Black "Ouellet, Maili Jade"]
[Result "1/2-1/2"]
[WhiteElo "2522"]
[BlackElo "2314"]
[PlyCount "71"]
[EventDate "2018.04.20"]
[EventType "tourn"]
[EventRounds "5"]
[EventCountry "CAN"]
[SourceTitle "EXT 2022"]
[Source "ChessBase"]
[SourceDate "2021.10.06"]
[SourceVersion "1"]
[SourceVersionDate "2021.10.06"]
[SourceQuality "1"]

1. d4 d5 2. c4 e6 3. Nf3 Nf6 4. g3 Be7 5. Bg2 0-0 6. 0-0 dxc4 7. Qc2 a6 8. a4 Bd7 9. Qxc4 Bc6 10. Bg5 Bd5 11. Qc2 Be4 12. Qd1 Nbd7 13. Nc3 Bc6 14. Qc2 h6 15. Bxf6 Nxf6 16. Rfd1 Bb4 17. Ne5 Bxg2 18. Kxg2 Qe7 19. Ne4 Nd5 20. a5 Bd6 21. Nc4 Bb4 22. Qb3 Rab8 23. Rdc1 Rfd8 24. e3 Qe8 25. Ne5 Bd6 26. Nxd6 cxd6 27. Nc4 Qc6 28. Kg1 Rbc8 29. Qa3 Ne7 30. b3 Qd5 31. Nb6 Rxc1+ 32. Rxc1 Qf3 33. Rc7 Nf5 34. Qc1 h5 35. Qf1 h4 36. Qg2 1/2-1/2

[Event "Montreal Choc des Generations"]
[Site "Montreal"]
[Date "2018.04.08"]
[Round "4"]
[White "Sambuev, Bator"]
[Black "Yu, Zong Yang"]
[Result "1-0"]
[WhiteElo "2517"]
[BlackElo "2406"]
[PlyCount "69"]
[EventDate "2018.04.06"]
[EventType "swiss"]
[EventRounds "5"]
[EventCountry "CAN"]
[SourceTitle "EXT 2022"]
[Source "ChessBase"]
[SourceDate "2021.10.06"]
[SourceVersion "1"]
[SourceVersionDate "2021.10.06"]
[SourceQuality "1"]

1. d4 Nf6 2. Nf3 e6 3. e3 b6 4. Bd3 Bb7 5. 0-0 d5 6. b3 Bd6 7. Bb2 0-0 8. c4 Nbd7 9. Nc3 a6 10. a3 c5 11. cxd5 cxd4 12. Nxd4 Nxd5 13. Nxd5 Bxd5 14. e4 Bb7 15. Qe2 Nc5 16. Bc2 Be5 17. Rad1 Qc7 18. g3 Rad8 19. Rd2 Bf6 20. b4 e5 21. bxc5 exd4 22. cxb6 Qxb6 23. Bd3 Rfe8 24. Bc1 Qe6 25. f3 Rd7 26. Rb2 Qe7 27. Rb3 Qe6 28. Qb2 Qe7 29. Bd2 g5 30. Rb6 Bg7 31. Qb4 g4 32. fxg4 Bxe4 33. Re1 Bxd3 34. Rxe7 Rdxe7 35. Qxe7 1-0